[Event "Shropshire Minor U1500"]
[Site "Telford"]
[Date "2025.01.03"]
[Round "1.2"]
[White "Kanalos, Peter"]
[Black "Carey, Cornelius"]
[Result "0-1"]
[WhiteElo "1193"]
[BlackElo "1472"]
[PlyCount "74"]
[EventDate "2025.01.03"]
[EventType "swiss"]
[EventRounds "5"]
[EventCountry "ENG"]
[SourceTitle "BritBase"]
[Source "John Saunders"]
[SourceDate "2025.01.09"]
[SourceVersion "1"]
[SourceVersionDate "2025.01.09"]
[SourceQuality "1"]

1. d4 Nf6 2. Nf3 d6 3. Nc3 g6 4. e4 Bg7 5. Bc4 O-O 6. O-O c6 7. Bb3 Nbd7 8. Bf4 Nb6 9. Qd2 Bg4 10. Qe3 Bxf3 11. Qxf3 Re8 12. Rad1 Nh5 13. e5 Nxf4 14. Qxf4 d5 15. Rfe1 e6 16. Ne2 Qc7 17. c3 c5 18. Qd2 a5 19. a4 c4 20. Bc2 Qc6 21. Ra1 Ra6 22. h4 Qd7 23. Qf4 Qe7 24. f3 Nd7 25. Kf2 f5 26. Rh1 Rf8 27. Qd2 Qf7 28. Rag1 f4 29. g4 h6 30. h5 g5 31. Bb1 Rb8 32. Qc2 Kf8 33. Ba2 b5 34. axb5 Rxb5 35. Rb1 a4 36. Ra1 Nb8 37. Bb1 Qa7 0-1

[Event "Shropshire Minor U1500"]
[Site "Telford"]
[Date "2025.01.04"]
[Round "2.1"]
[White "Bartlett, William"]
[Black "Bartlett, Sam"]
[Result "1/2-1/2"]
[WhiteElo "1359"]
[BlackElo "1483"]
[PlyCount "46"]
[EventDate "2025.01.03"]
[EventType "swiss"]
[EventRounds "5"]
[EventCountry "ENG"]
[SourceTitle "BritBase"]
[Source "John Saunders"]
[SourceDate "2025.01.09"]
[SourceVersion "1"]
[SourceVersionDate "2025.01.09"]
[SourceQuality "1"]

1. d4 d5 2. c4 e6 3. Nc3 Nf6 4. Bg5 Be7 5. Nf3 Nbd7 6. e3 O-O 7. cxd5 Nxd5 8. Nxd5 exd5 9. Bxe7 Qxe7 10. Qc2 c6 11. Bd3 Nf6 12. h3 Re8 13. O-O Ne4 14. Bxe4 Qxe4 15. Qxe4 dxe4 16. Ne5 Be6 17. Rfc1 f6 18. Nc4 Bxc4 19. Rxc4 Rad8 20. b4 Rd5 21. a4 Re7 22. Rc5 Rxc5 23. dxc5 Kf7 1/2-1/2

[Event "Shropshire Minor U1500"]
[Site "Telford"]
[Date "2025.01.04"]
[Round "2.2"]
[White "Pileggi, Cesar"]
[Black "Szwajkun, Stephen"]
[Result "1-0"]
[WhiteElo "1451"]
[BlackElo "1329"]
[PlyCount "141"]
[EventDate "2025.01.03"]
[EventType "swiss"]
[EventRounds "5"]
[EventCountry "ENG"]
[SourceTitle "BritBase"]
[Source "John Saunders"]
[SourceDate "2025.01.09"]
[SourceVersion "1"]
[SourceVersionDate "2025.01.09"]
[SourceQuality "1"]

1. c4 b6 2. g3 Bb7 3. Nf3 e6 4. Bg2 Ne7 5. Nc3 g6 6. O-O h5 7. d4 d6 8. e4 Nd7 9. Ng5 Bh6 10. Qf3 Bxg5 11. Bxg5 Rf8 12. Qe2 Rh8 13. d5 e5 14. Bxe7 Qxe7 15. f4 c5 16. dxc6 Bxc6 17. Nd5 Bxd5 18. exd5 exf4 19. Qxe7+ Kxe7 20. Rae1+ Ne5 21. gxf4 f6 22. fxe5 fxe5 23. b4 a5 24. a3 axb4 25. axb4 Rhc8 26. c5 bxc5 27. bxc5 Rxc5 28. Rc1 Rxc1 29. Rxc1 Kf6 30. Rf1+ Kg5 31. Kh1 Ra4 32. Rg1 Kf6 33. h3 g5 34. Rc1 h4 35. Rc6 Ke7 36. Rc7+ Kf8 37. Rd7 Ra6 38. Kg1 Kg8 39. Kf2 Ra2+ 40. Kg1 Ra6 41. Bf3 Ra1+ 42. Kf2 Ra2+ 43. Ke3 Ra3+ 44. Ke4 Ra4+ 45. Kf5 Rf4+ 46. Kxg5 Rxf3 47. Kxh4 Rd3 48. Rxd6 e4 49. Kg4 Kf7 50. h4 e3 51. Kf3 e2+ 52. Kxe2 Rd4 53. h5 Kg7 54. Ke3 Rh4 55. h6+ Kh7 56. Re6 Rh1 57. Kd4 Rd1+ 58. Kc5 Rc1+ 59. Kd6 Rc2 60. Kd7 Ra2 61. d6 Ra7+ 62. Ke8 Ra8+ 63. Ke7 Kg8 64. d7 Kh8 65. d8=Q+ Rxd8 66. Kxd8 Kh7 67. Ke7 Kg8 68. Rg6+ Kh8 69. Rg3 Kh7 70. Kf7 Kh8 71. h7 1-0

[Event "Shropshire Minor U1500"]
[Site "Telford"]
[Date "2025.01.04"]
[Round "3.2"]
[White "Fletcher, Malcolm"]
[Black "Lovegrove, David Charles"]
[Result "1-0"]
[WhiteElo "1443"]
[BlackElo "1419"]
[PlyCount "52"]
[EventDate "2025.01.03"]
[EventType "swiss"]
[EventRounds "5"]
[EventCountry "ENG"]
[SourceTitle "BritBase"]
[Source "John Saunders"]
[SourceDate "2025.01.09"]
[SourceVersion "1"]
[SourceVersionDate "2025.01.09"]
[SourceQuality "1"]

1. e4 e5 2. Nc3 d6 3. Bc4 c6 4. Nge2 Bg4 5. f3 Bc8 6. a4 Be7 7. d4 Nd7 8. O-O Ngf6 9. f4 O-O 10. f5 exd4 11. Nxd4 Ne5 12. Bd3 Bd7 13. Bf4 Be8 14. Nf3 Qc7 15. Qe1 Nxf3+ 16. Rxf3 Nd7 17. Rh3 Qd8 18. Qg3 Ne5 19. Rh5 f6 20. Rh4 Qb6+ 21. Kf1 Qxb2 22. Qe1 Nxd3 23. cxd3 Qb6 24. Rb1 Qc7 25. Qg3 g5 26. fxg6 Bxg6 {time} 1-0

[Event "Shropshire Minor U1500"]
[Site "Telford"]
[Date "2025.01.04"]
[Round "4.1"]
[White "Foy, Jeffrey"]
[Black "Pileggi, Cesar"]
[Result "1/2-1/2"]
[WhiteElo "1401"]
[BlackElo "1451"]
[PlyCount "83"]
[EventDate "2025.01.03"]
[EventType "swiss"]
[EventRounds "5"]
[EventCountry "ENG"]
[SourceTitle "BritBase"]
[Source "John Saunders"]
[SourceDate "2025.01.09"]
[SourceVersion "1"]
[SourceVersionDate "2025.01.09"]
[SourceQuality "1"]

1. d4 d5 2. Nf3 Nf6 3. c4 e6 4. g3 Be7 5. Bg2 O-O 6. O-O c6 7. cxd5 cxd5 8. Nc3 Nc6 9. e3 a6 10. a4 Bd7 11. Re1 Bb4 12. Bd2 Re8 13. Ne2 Rc8 14. Bxb4 Nxb4 15. Nc3 Ne4 16. Rc1 Nxc3 17. Rxc3 Rxc3 18. bxc3 Nc6 19. Qb3 Na5 20. Qb4 Qc7 21. Ne5 Nc6 22. Nxc6 Bxc6 23. a5 Bb5 24. Bf1 Bxf1 25. Kxf1 Rc8 26. Rc1 Qc4+ 27. Qxc4 Rxc4 28. Rb1 Rc7 29. Ke2 g6 30. Kd3 Kg7 31. Rc1 Rc4 32. Ra1 Kf6 33. Ra3 h5 34. h4 g5 35. hxg5+ Kxg5 36. f3 f5 37. Ke2 h4 38. f4+ Kg4 39. gxh4 Kxh4 40. Kf3 Rc7 41. Rb3 Rc4 42. Ra3 1/2-1/2

[Event "Shropshire Minor U1500"]
[Site "Telford"]
[Date "2025.01.05"]
[Round "4.1"]
[White "Bartlett, Sam"]
[Black "Fletcher, Malcolm"]
[Result "1-0"]
[WhiteElo "1483"]
[BlackElo "1443"]
[PlyCount "57"]
[EventDate "2025.01.03"]
[EventType "swiss"]
[EventRounds "5"]
[EventCountry "ENG"]
[SourceTitle "BritBase"]
[Source "John Saunders"]
[SourceDate "2025.01.09"]
[SourceVersion "1"]
[SourceVersionDate "2025.01.09"]
[SourceQuality "1"]

1. d4 Nf6 2. c4 e6 3. Nc3 Bb4 4. Qc2 c5 5. dxc5 Na6 6. Bd2 Nxc5 7. a3 Bxc3 8. Bxc3 a5 9. Nf3 b6 10. g3 Bb7 11. Bg2 Qc7 12. Bxf6 gxf6 13. O-O a4 14. Nd4 Bxg2 15. Kxg2 h5 16. Nb5 Qc6+ 17. f3 Nb3 18. Rad1 Ra5 19. Rd6 Qc5 20. Qe4 Ke7 21. Rfd1 Kf8 22. Rxd7 Kg7 23. Rc7 Qg5 24. Rdd7 Rf8 25. Nd6 f5 26. Rxf7+ Rxf7 27. Rxf7+ Kg6 28. Qxe6+ Qf6 29. Qxf6# 1-0

[Event "Shropshire Minor U1500"]
[Site "Telford"]
[Date "2025.01.05"]
[Round "5.1"]
[White "Gretton, Margaret L"]
[Black "Bartlett, Sam"]
[Result "1/2-1/2"]
[WhiteElo "1483"]
[BlackElo "1483"]
[PlyCount "43"]
[EventDate "2025.01.03"]
[EventType "swiss"]
[EventRounds "5"]
[EventCountry "ENG"]
[SourceTitle "BritBase"]
[Source "John Saunders"]
[SourceDate "2025.01.09"]
[SourceVersion "1"]
[SourceVersionDate "2025.01.09"]
[SourceQuality "1"]

1. e4 e5 2. Bc4 Nf6 3. Nc3 Nc6 4. Nf3 Nxe4 5. Bxf7+ Kxf7 6. Nxe4 d5 7. Ng3 e4 8. Ng1 Bc5 9. N1e2 Rf8 10. d4 Bd6 11. O-O Kg8 12. c3 Bd7 13. Qb3 Ne7 14. Nxe4 Kh8 15. Nxd6 cxd6 16. Bg5 h6 17. Bh4 Rf7 18. Rfe1 Qf8 19. Bxe7 Rxe7 20. Qxd5 Rae8 21. Qxd6 Bb5 22. Qd5 1/2-1/2

[Event "Shropshire Minor U1500"]
[Site "Telford"]
[Date "2025.01.05"]
[Round "5.2"]
[White "Carey, Cornelius"]
[Black "Pileggi, Cesar"]
[Result "0-1"]
[WhiteElo "1472"]
[BlackElo "1451"]
[PlyCount "120"]
[EventDate "2025.01.03"]
[EventType "swiss"]
[EventRounds "5"]
[EventCountry "ENG"]
[SourceTitle "BritBase"]
[Source "John Saunders"]
[SourceDate "2025.01.09"]
[SourceVersion "1"]
[SourceVersionDate "2025.01.09"]
[SourceQuality "1"]

1. d4 d5 2. Bf4 Nc6 3. e3 Nf6 4. Nc3 e6 5. Nb5 Bd6 6. Nxd6+ cxd6 7. Nf3 O-O 8. c3 a6 9. Bd3 Re8 10. Bg5 e5 11. dxe5 dxe5 12. Bxh7+ Kxh7 13. h4 Bg4 14. Bxf6 Qxf6 15. Ng5+ Kg8 16. Qxg4 d4 17. Ne4 Qe6 18. Qxe6 Rxe6 19. O-O-O Rd8 20. Nc5 Re7 21. Rd2 Na5 22. Rhd1 Rc8 23. exd4 exd4 24. Na4 Rc6 25. Rxd4 b5 26. b4 bxa4 27. bxa5 Rxc3+ 28. Kb2 Rec7 29. Rxa4 Rc2+ 30. Kb1 Rxf2 31. Rb4 Rcc2 32. a4 Rxg2 33. Rc1 Rcf2 34. Rb8+ Kh7 35. Rb6 Rh2 36. Rb4 f5 37. Rg1 Rfg2 38. Rxg2 Rxg2 39. Rf4 g6 40. Kc1 Rg4 41. Rf3 Rxa4 42. h5 Rxa5 43. hxg6+ Kxg6 44. Rc3 Kg5 45. Kd2 f4 46. Ke2 Kg4 47. Rc8 Ra2+ 48. Kd3 Kf3 49. Rg8 a5 50. Rg5 Kf2 51. Rf5 f3 52. Rg5 a4 53. Rg4 Kf1 54. Rh4 f2 55. Rh8 a3 56. Rg8 Ra1 57. Rh8 a2 58. Rh1+ Kg2 59. Rxa1 f1=Q+ 60. Rxf1 Kxf1 0-1